Гос. литературный музей. Письмо Василию Ивановичу Шухаеву

Доступно только в Электронных читальных залах Найти на картеНа карте
RUSMARC
00005258cac2a2200000#x 450
001d2d2d5ca-9b18-4d8b-93cd-1cc14887fb5b
00520180522110621.0
2001#$aГос. литературный музей. Письмо Василию Ивановичу Шухаеву
$j10 июня 1966 года
300##$aМашинописный текст
300##$aМесто хранения оригинала: Федеральное государственное бюджетное учреждение культуры "Государственный Русский музей"
937##$hПБ
801#0$aRU
$bПБ им. Б.Н. Ельцина
$c20170322
801#1$2rusmarc
$aRU
$bПБ им. Б.Н. Ельцина
801#2$2rusmarc
$aRU
$bПБ им. Б.Н. Ельцина
$gRCR
856##$uhttp://readingroom.main.prlib.ru/item.aspx?id_node=n96216291
100##$a20171208l19661966k y0rusy са
1010#$arus
102##$aRU
1220#$ad19660610##
215##$a1 лист
251##$cДокумент
345##$aДокумент поступил 13.03.1978
371##$aКопирование данного ресурса не разрешено
461#0$1001923fee80-9b0a-41f5-8c72-abe8dfdf1819
$12001
$aШухаевы Василий Иванович и Вера Федоровна
$1251
$cФонд
$1852
$j154
462#0$10012ee606d6-df40-491f-94f5-e79beafb5654
$12000
$aОп. 1
$vЕд. хр. 133
$1251
$cОпись
$1852
$j1
850##$aГосударственный Русский музей. Отдел рукописей
852##$aОР ГРМ
$j133
60102$2nlr_sh
$3RU\NLR\AUTH\661402800
$aГосударственный литературный музей
$cМосква, город
$jПереписка
$xКоллекция живописи
600#1$2nlr_sh
$3RU\NLR\AUTH\66416649
$aШухаев
$bВ.И.
$f1887 - 1973
$gВасилий Иванович
$jПереписка
604##$15011
$2prlib_sh
$3LIBNET\UAF\0000069958
$aПроизведения
$jПереписка
$1700 1
$aШухаев
$bВ.И.
$f1887-1973
$gВасилий Иванович
605##$2acquisition_Prlib
$3DITM\AF\0000003834
$aНарод
$lколлекция
605##$aРоссия в лицах
$lколлекция
$2acquisition_Prlib$3DITM\AF\0000004166
686##$2rubbk
$a85.103(2=411.2)6-8ю1
$vLBC/M
686##$a63.3(2)633-8ю1
$vLBC/M
$2rubbk
Формат отображения